000 00505nam a2200157 a 4500
001 000037842
005 20201002031126.0
008 130307m2012 mx 000 0 spa d
020 _a9685146187
040 _aDO-SdBNP
_bspa
_cBNPHU
100 1 _aQuiroga, Horacio
_960086
245 1 0 _aCuentos de amor, de locura y de muerte /
_cHoracio Quiroga.
260 _aMéxico :
_bEdiciones Leyenda,
_c2012.
300 _a142 p. ;
_c22 cm.
500 _aIncluye datos biográficos del autor en la solapa de la cubierta
999 _c37332
_d37332